| 000 | 00556nam a22001817a 4500 | ||
|---|---|---|---|
| 003 | NUST - PNEC | ||
| 005 | 20170116180823.0 | ||
| 008 | 150624b xxu||||| |||| 00| 0 eng d | ||
| 020 | _a- | ||
| 040 | _cLIBRARY | ||
| 082 | _a512 SPI | ||
| 100 |
_94173 _aSpiegel, Murray R. |
||
| 245 |
_aSchaum's outline of theory and problems of College algebra: including 1940 solved problems _cMurray R. Spiegel |
||
| 260 |
_aNew York: _bSchaum's Outline series, _cc1956. |
||
| 300 |
_a312 p. : _c27 cm. |
||
| 650 |
_94256 _aAlgebra, Mathematics _xME |
||
| 942 |
_2ddc _cBK |
||
| 999 |
_c63819 _d63819 |
||